000 00551nam a2200181Ia 4500
008 151018s9999 xx 000 0 und d
082 _bRBASDV29166
_a891.463
100 _aवैजयंती काळे
245 _aखानदान
250 _b1
260 _bराजेंद्र प्रकाशन ठाणे
_c1990
300 _a260
600 _aवैजयंती काळे
630 _aखानदान
700 _aवैजयंती काळे
730 _aखानदान
942 _cBOOK
999 _c1028731
_d1028728